Từ điển Hán - Nhật Việt . Quyển I

সংরক্ষণ করুন:
গ্রন্থ-পঞ্জীর বিবরন
প্রধান লেখক:  Nguyễn Mạnh Hùng
বিন্যাস: Sách
ভাষা:Undetermined
প্রকাশিত:  Từ điển Bách khoa  2010
বিষয়গুলি:
ট্যাগগুলো: ট্যাগ যুক্ত করুন
কোনো ট্যাগ নেই, প্রথমজন হিসাবে ট্যাগ করুন!
Thư viện lưu trữ: Trung tâm Thư viện - Trường Đại học Công nghiệp TP. Hồ Chí Minh
LEADER 00548nam a2200157Ia 4500
001 UIH_06741
008 231011s9999 xx 000 0 und d
082 |a  495.03 
100 |a  Nguyễn Mạnh Hùng 
245 0 |a  Từ điển Hán - Nhật Việt . Quyển I 
245 0 |c  Nguyễn Mạnh Hùng 
260 |b  Từ điển Bách khoa 
260 |c  2010 
650 |a  Từ điển đa ngôn ngữ;  
927 |a Sách 
980 |a Trung tâm Thư viện - Trường Đại học Công nghiệp TP. Hồ Chí Minh